Escalamiento de un sistema de extracción con fluido supercrítico para la obtención de metabolitos secundarios a partir de la cachaza de palma africana.

Gardado en:
Detalles Bibliográficos
Autor Principal: Chaves Álvarez, Alberto
Outros autores: Mora Casal, René Alejandro, 1968- Director del TFG
Formato: Libro
Idioma:Spanish
Publicado: San José,[Costa Rica] 2022
Materias:
Etiquetas: Engadir etiqueta
Sen Etiquetas, Sexa o primeiro en etiquetar este rexistro!

MARC

LEADER 00000nam a2200000Ia 4500
003 013574
005 20230413134108.0
008 140114s2022 cr a 000 ||spa d
040 |c cru CEDI 
100 |a  Chaves Álvarez, Alberto  |9 406 
245 |a Escalamiento de un sistema de extracción con fluido supercrítico para la obtención de metabolitos secundarios a partir de la cachaza de palma africana. 
260 |a San José,[Costa Rica]  |c 2022 
500 |a Proyecto de graduación(licenciatura en ingeniería química)--Universidad de Costa Rica. Facultad de Ingeniería. Escuela de Ingeniería Química 
501 |a Director de Proyecto de Graduación: Ing. René A. Mora Casal, Ph.D 
650 |x METABOLITOS   |x EXTRACCION CON FLUIDOS SUPERCRITICOS   |x METABOLITOS - ANALISIS - TECNICAS  |x APROVECHAMIENTO DE RESIDUOS   |x PALMA AFRICANA  |x EXTRACCION (QUIMICA)- METODOS 
700 |9 30  |a Mora Casal, René Alejandro, 1968-  |d Director del TFG 
942 |c CEDI 
999 |c 22077  |d 22077